000 01340naa a22002657a 4500
001 BR2013006205
003 BR-BrBNA
005 20250721155550.0
007 ta
008 250630b bl.|||m| |||| 00| 0 por d
040 _aBR-BrBNA
_bpor
_cBiblioteca Nacional de Agricultura
041 _a(Pt)
072 _aP01
_bBibliography (50 ref.)
090 _aP01 BR2013006205
100 1 _aMartins, S.R..
111 1 _a1. Encontro Nacional sobre Produção Orgânica de Hortaliças
_cVitória, ES (Brazil)
_d27-30 Apr 1998
245 1 _aSustentabilidade na agricultura: Dimensões economicas, sociais e ambientais
500 _a1. Encontro Nacional sobre Produção Orgânica de Hortaliças. Palestras e trabalhos técnicos Souza, J.L. deCarmo, C.A.S. do Vitória, Es (Brasil): 1998. p. 33-50 [48 ref.] (BR2013006205-AMS)
773 0 _t1. Encontro Nacional sobre Produção Orgânica de Hortaliças. Palestras e trabalhos técnicos
_aSouza, J.L. de; Carmo, C.A.S. do. Empresa Capixaba de Pesquisa Agropecuária, Vitória, Es (Brasil)
_wP01 BR2013006205
_gVitória, Es (Brasil), 1998. p. 33-50
650 _aSUSTENTABILIDADE
650 _aDESENVOLVIMENTO SUSTENTÁVEL
490 _aDocumentos - Empresa Capixaba de Pesquisa Agropecuária (Brazil)
_vno. 96
_xISSN 0101-8949
942 _cAMS
_2AGRIS
909 _a202506
_bLúcia
_c55
_dLúcia Elande
999 _c337270
_d337270